| 000 | 01646nam0a2200337 4500 | ||
|---|---|---|---|
| 001 | RU\NLR\bibl\556031 | ||
| 005 | 20260407102412.0 | ||
| 010 |
_a5-98341-004-0 _9400 |
||
| 035 | _a(NLR Aleph) 000548177 | ||
| 090 |
_a1455590 _c1455590 |
||
| 100 | _a20040924d2003 |||y0rusy50 ca | ||
| 101 | 0 |
_arus _abak |
|
| 102 | _aRU | ||
| 105 | _aa ||||||||| | ||
| 200 | 1 |
_aСалават Юлаев _e[К 250-летию со дня рождения Салавата Юлаева, нац. героя башк. народа, полководца и поэта _fБашк. нац.-культ. автономия Санкт-Петербурга, Союз писателей "Многонац. Санкт-Петербург" _gСост. Альмира Биккулова] |
|
| 210 |
_aСПб. _cКопи-парк _d2003 |
||
| 215 |
_a235,[4] с. _cил., факс., нот. _d22 |
||
| 300 | _aЧасть текста на башк. яз. | ||
| 320 | _aБиблиогр.: с. 191-193 (30 назв.) | ||
| 686 | _aШ6(2=Баш)-94{Лх-баш230сб} | ||
| 686 | _aШ5(2=Баш)-4Салават Юлаев я434 | ||
| 686 | _aШ6(2=Баш)-5я44{Лх-баш 230-75} | ||
| 702 | 1 |
_4220 _7ca _8rus _aБиккулова _bА. Т. _f1929-2013 _gАльмира Талхаевна _966445 _3RU\NLR\auth\7783517 |
|
| 712 | 0 | 2 |
_4570 _aБашкирская национально-культурная автономия Санкт-Петербурга _3RU\NLR\AUTH\8810057258 _9615449 |
| 801 | 0 |
_aRU _bNLR _c20040924 _gPSBO |
|
| 801 | 1 |
_aRU _bNLR _c20040924 |
|
| 852 |
_aNLR _bОНЛ _jБашк./3-4697 |
||
| 942 | _cBOOK | ||
| 980 | _aNB | ||